| 000 | 00965nac a22003131i 4500 | ||
|---|---|---|---|
| 003 | EG-ScBUE | ||
| 005 | 20240922090950.0 | ||
| 008 | 240922t1999 caua f 001 0 eng d | ||
| 020 | _a0201324601 | ||
| 020 | _a9780201324600 | ||
| 035 | _a(DLC) 84146195 | ||
| 040 |
_aEG-ScBUE _beng _erda _cEG-ScBUE _dEG-ScBUE |
||
| 082 | 0 | 4 |
_a512.13 _bFOE _222 |
| 100 | 1 |
_aFoerster, Paul A., _eauthor. |
|
| 245 | 1 | 0 |
_aAlgebra and trigonometry : _bfunctions and applications / _cPaul A. Foerster. |
| 250 | _aExpanded second edition. | ||
| 250 | _aClassic edition. | ||
| 264 | 1 |
_aMenlo Park, Calif. : _bAddison-Wesley, _c[1999] |
|
| 264 | 4 | _cc1999 | |
| 300 |
_a1046 pages : _billustrations ; _c25 cm |
||
| 336 |
_2rdacontent _atext _btxt |
||
| 337 |
_aunmediated _2rdamedia _bn |
||
| 338 |
_avolume _bnc _2rdacarrier |
||
| 500 | _aIncludes indexes. | ||
| 650 | 7 |
_aAlgebra. _2BUEsh |
|
| 650 | 7 |
_aTrigonometry. _2BUEsh |
|
| 655 | _vReading book | ||
| 942 |
_cBB _2ddc |
||
| 999 |
_c4212 _d4212 |
||